• 首页
  • 本馆介绍
  • 公告通知
  • 最新文献
  • 馆藏检索
  • 电子资源
  • 读者导购
  • 参考咨询
  • 我的图书馆
  • 登录
  • 详细信息显示
  • 放入我的书架
  • 预约/预借图书
  • 作者相关作品
  • 分类相关作品
  • 丛书相关作品
  • 出版社相关作品

书目信息

  • 表格格式
  • 工作单格式
  • 卡片格式
题名:
管理运筹学
    
 
作者: 刘春梅 编著
分册:  
出版信息: 上海   上海人民出版社  2016.09
页数: 398页
开本: 26cm
丛书名:
单 册:
中图分类: C931.1
科图分类:
主题词: 管理学--运筹学--教材
电子资源:
ISBN: 978-7-5432-2617-3
000 01172nam0 2200301 450
001 0120161987355
005 20170911174657.56
010    @a978-7-5432-2617-3@dCNY49.00
100    @a20160919d2016 em y0chiy50 ea
101 0  @achi
102    @aCN@b310000
105    @aa z 000yy
106    @ar
200 1  @a管理运筹学@9guan li yun chou xue@e基础、技术及Excel建模实践@f刘春梅编著
205    @a2版
210    @a上海@c上海人民出版社@c格致出版社@d2016.09
215    @a398页@c图@d26cm
300    @a世纪高教·工商管理系列教材
312    @a封面英文题名:Operations research: practice in management
330    @a本书分为9章,系统地介绍了运筹学的相关概念、基本模型和基本方法,Excel电子表格的建模和求解,以及实践案例。通过实例介绍了Excel电子表格的建模和求解过程,并将理论和软件有机地结合,对大量案例进行建模和分析。
333    @a本科生
510 1  @aOperations research: practice in management@zeng
517 1  @a基础、技术及Excel建模实践@9ji chu 、 ji shu ji Excel jian mo shi jian
606 0  @a管理学@x运筹学@j教材
690    @aC931.1@v5
701  0 @a刘春梅@9liu chun mei@4编著
801  0 @aCN@b人天书店@c20160919
905    @b1068398-403@dC931.1@e695=2@f6
    
    管理运筹学:基础、技术及Excel建模实践/刘春梅编著.-2版.-上海:上海人民出版社:格致出版社,2016.09
    398页:图;26cm
    世纪高教·工商管理系列教材.-使用对象:本科生
    
    ISBN 978-7-5432-2617-3:CNY49.00
    本书分为9章,系统地介绍了运筹学的相关概念、基本模型和基本方法,Excel电子表格的建模和求解,以及实践案例。通过实例介绍了Excel电子表格的建模和求解过程,并将理论和软件有机地结合,对大量案例进行建模和分析。
●
相关链接 在E读中查询图书 在五车中查询图书 在当当中查询图书 在豆瓣中查询图书


正题名:管理运筹学     索取号:C931.1/695=2         预约/预借

序号 登录号 条形码 馆藏地/架位号 状态 备注
1 1068398   210683982   第一样本阅览室/ [索取号:C931.1/695=2] 在馆    
2 1068399   210683991   第一借阅区/ [索取号:C931.1/695=2] 在馆    
3 1068400   210684008   第一借阅区/ [索取号:C931.1/695=2] 在馆    
4 1068401   210684017   第一借阅区/ [索取号:C931.1/695=2] 在馆    
5 1068402   210684026   第一借阅区/ [索取号:C931.1/695=2] 在馆    
6 1068403   210684035   密集书库-马院/ [索取号:C931.1/695=2] 在馆    
唐山师范学院图书馆 欢迎您!
大连网信软件有限公司© 版权所有